[Event "BL 8889 HSK-München 36"]
[Site "?"]
[Date "1988.??.??"]
[Round "?.2"]
[White "Wahls, M."]
[Black "Nikolac, J."]
[Result "1-0"]
[WhiteElo "2460"]
[BlackElo "2495"]
[PlyCount "101"]
[EventDate "1988.??.??"]

1. e4 e5 2. Nf3 Nc6 3. Bb5 a6 4. Ba4 Nf6 5. O-O Be7 6. Re1 b5 7. Bb3 d6 8. c3
O-O 9. h3 Na5 10. Bc2 c5 11. d4 Nd7 12. dxc5 dxc5 13. Nbd2 f6 14. Nf1 Nb6 15.
Qe2 Be6 16. Ne3 Ra7 17. Nf5 Re8 18. Nxe7+ Qxe7 19. b3 Nc6 20. Be3 b4 21. cxb4
Nxb4 22. Rec1 Nc6 23. Bd3 Nd4 24. Nxd4 exd4 25. Bf4 Bf7 26. Qc2 Rc8 27. e5 g6
28. exf6 Qxf6 29. Qd2 Bd5 30. Rc2 a5 31. Rac1 Rf7 32. Bg5 Qd6 33. Qxa5 Nd7 34.
Bh4 Re8 35. Bg3 Qf6 36. Re1 Rfe7 37. Rcc1 Rf8 38. Rxe7 Qxe7 39. Re1 Qf6 40. Qc7
Rf7 41. Bb5 Be6 42. Qd6 Bf5 43. Bc4 d3 44. Qxf6 Nxf6 45. Be5 Kf8 46. Bxf7 Kxf7
47. Bxf6 Kxf6 48. g4 Bd7 49. f4 h5 50. Rd1 Bb5 51. Kf2 1-0

[Event "BL 8889 HSK-München 36"]
[Site "?"]
[Date "1988.??.??"]
[Round "?.3"]
[White "Bastian, H."]
[Black "Stein, B."]
[Result "0-1"]
[WhiteElo "2315"]
[BlackElo "2380"]
[PlyCount "123"]
[EventDate "1988.??.??"]

1. e4 c5 2. Nc3 e6 3. g3 d5 4. d3 Nc6 5. Bg2 Nf6 6. Nge2 Be7 7. O-O O-O 8. h3
dxe4 9. Nxe4 Qd7 10. Nf4 g6 11. Be3 Nxe4 12. dxe4 b6 13. c3 Qc7 14. Qe2 a5 15.
Rfd1 Ba6 16. Qc2 Rad8 17. Rxd8 Rxd8 18. Rd1 Ne5 19. Rxd8+ Qxd8 20. Qd2 Qxd2 21.
Bxd2 g5 22. Nh5 Be2 23. g4 Nd3 24. b3 c4 25. bxc4 Ne5 26. f4 Bc5+ 27. Kh1 Nd7
28. e5 gxf4 29. Bxf4 Bxc4 30. a4 b5 31. Bc6 Nb6 32. Nf6+ Kg7 33. axb5 a4 34.
Bc1 a3 35. Nd7 Na4 36. Bxa3 Bxa3 37. b6 Nxb6 38. Nxb6 Bf1 39. Kh2 Bc5 40. Nd7
Be3 41. Kg3 Bd2 42. Kf2 Bxh3 43. Bf3 Bxc3 44. Be2 h5 45. gxh5 Bf5 46. Ke3 Bc2
47. Kf4 Ba4 48. Nf6 Bd2+ 49. Kg4 Bc2 50. Kg3 Kh6 51. Bf3 Kg5 52. Be4 Bf4+ 53.
Kh3 Ba4 54. Ng4 Bd1 55. Nf2 Bxh5 56. Nd3 Bg6 57. Bxg6 fxg6 58. Kg2 Kf5 59. Kf3
g5 60. Nf2 Kxe5 61. Ng4+ Kd4 62. Nh6 0-1

[Event "BL 8889 HSK-München 36"]
[Site "?"]
[Date "1988.??.??"]
[Round "?.4"]
[White "Maus, So"]
[Black "Eppinger, G."]
[Result "1-0"]
[WhiteElo "2400"]
[BlackElo "2300"]
[PlyCount "75"]
[EventDate "1988.??.??"]

1. c4 e5 2. g3 Nf6 3. Bg2 c6 4. d4 exd4 5. Qxd4 d5 6. Nf3 Be7 7. cxd5 cxd5 8.
O-O Nc6 9. Qa4 O-O 10. Be3 Ng4 11. Bd4 Nxd4 12. Nxd4 Qb6 13. Nc3 Bc5 14. Nxd5
Qxb2 15. e3 Qa3 16. Qxa3 Bxa3 17. Nb5 Bb2 18. Rab1 Be5 19. h3 Nh6 20. f4 a6 21.
Nb6 Rb8 22. Nxc8 Rbxc8 23. Na7 Ra8 24. Rxb7 Bd6 25. Rc1 Nf5 26. Kf2 Rfe8 27.
Bd5 Ne7 28. Bb3 Reb8 29. Rxb8+ Rxb8 30. Nc6 Ra8 31. Rd1 Nc8 32. e4 Kf8 33. Kf3
a5 34. e5 Be7 35. Bd5 Ra6 36. Be4 a4 37. Nxe7 Kxe7 38. Bb7 1-0

[Event "BL 8889 HSK-München 36"]
[Site "?"]
[Date "1988.??.??"]
[Round "?.5"]
[White "Kaiser, W."]
[Black "Reefschlaeger, H."]
[Result "0-1"]
[WhiteElo "2360"]
[BlackElo "2360"]
[PlyCount "68"]
[EventDate "1988.??.??"]

1. d4 d5 2. c4 c6 3. Nf3 Nf6 4. Nc3 dxc4 5. a4 Na6 6. e3 Bg4 7. Bxc4 e6 8. h3
Bh5 9. g4 Bg6 10. Ne5 Nb4 11. Nxg6 hxg6 12. Kf1 a6 13. Kg2 c5 14. g5 Nd7 15. h4
Qc7 16. Be2 Rd8 17. a5 cxd4 18. exd4 Ne5 19. Bf4 Qc6+ 20. Kg3 Nc4 21. d5 Nxd5
22. Nxd5 exd5 23. Re1 Be7 24. Rc1 O-O 25. b3 Bd6 26. Qd4 Bc5 27. Qc3 Nd6 28.
Bd3 Rc8 29. Qb2 Qd7 30. Be5 Nf5+ 31. Bxf5 Qxf5 32. Rxc5 Rxc5 33. Qa3 Rfc8 34.
Bd4 Qd3+ 0-1

[Event "BL 8889 HSK-München 36"]
[Site "?"]
[Date "1988.??.??"]
[Round "?.6"]
[White "Wegner, H."]
[Black "Goetz, R."]
[Result "1-0"]
[WhiteElo "2290"]
[BlackElo "2275"]
[PlyCount "81"]
[EventDate "1988.??.??"]

1. d4 Nf6 2. Nf3 g6 3. c4 c5 4. Nc3 Bg7 5. e4 d6 6. Be2 cxd4 7. Nxd4 Nc6 8. Nc2
Nd7 9. Bd2 O-O 10. O-O a5 11. Rc1 Nc5 12. b3 Nb4 13. Ra1 f5 14. exf5 Nxc2 15.
Qxc2 Bxf5 16. Qd1 Ne4 17. Rc1 Nxd2 18. Qxd2 Kh8 19. Bf3 Rb8 20. Rfe1 Bd7 21.
Qe3 Be5 22. Rcd1 b6 23. g3 Qc8 24. Bg2 Bc6 25. f4 Bf6 26. Bxc6 Qxc6 27. Nd5 Rb7
28. Qe4 Qc5+ 29. Kg2 Ra7 30. a4 Kg7 31. g4 h6 32. Kg3 Rf7 33. Re2 g5 34. Kg2
Rf8 35. Rf1 Rf7 36. fxg5 hxg5 37. Rf5 Qc8 38. h4 gxh4 39. Ref2 h3+ 40. Kh1 e6
41. Rxf6 1-0

[Event "BL 8889 HSK-München 36"]
[Site "?"]
[Date "1988.??.??"]
[Round "?.7"]
[White "Koepf, U."]
[Black "Michaelsen, N."]
[Result "0-1"]
[WhiteElo "2245"]
[BlackElo "2380"]
[PlyCount "58"]
[EventDate "1988.??.??"]

1. d4 Nf6 2. Nf3 g6 3. g3 Bg7 4. Bg2 O-O 5. O-O d5 6. Bf4 c5 7. c3 Qb6 8. Qb3
Nc6 9. dxc5 Qxc5 10. Ne5 Ne4 11. Nd3 Qa5 12. Nb4 Be6 13. Nxc6 bxc6 14. Bxe4
dxe4 15. Qa3 Qh5 16. Qa6 Rad8 17. Nd2 g5 18. Be3 f5 19. f4 exf3 20. exf3 f4 21.
g4 Qg6 22. Bd4 Bxd4+ 23. cxd4 Rxd4 24. Nb3 Bxb3 25. axb3 Rd2 26. Qc4+ e6 27.
Rxa7 Rfd8 28. Re1 Rc2 29. Qb4 Qh6 0-1

[Event "BL 8889 Delmenhorst-Bayern"]
[Site "?"]
[Date "1988.??.??"]
[Round "?.1"]
[White "Huebner, R."]
[Black "Reeh, O."]
[Result "1/2-1/2"]
[WhiteElo "2600"]
[BlackElo "2460"]
[PlyCount "150"]
[EventDate "1988.??.??"]

1. e4 c5 2. Nf3 d6 3. d4 cxd4 4. Nxd4 Nf6 5. Nc3 Nc6 6. Bg5 e6 7. Qd2 Be7 8.
O-O-O O-O 9. Nb3 Qb6 10. f3 Rd8 11. Nb5 Rd7 12. Qe1 a6 13. Be3 Qd8 14. N5d4
Nxd4 15. Bxd4 e5 16. Bc3 d5 17. Bxe5 dxe4 18. Rxd7 Nxd7 19. Qxe4 Nxe5 20. Qxe5
Bd6 21. Qd4 Bf5 22. g3 Qc7 23. Bd3 Be6 24. Kb1 g6 25. f4 Rd8 26. Qf2 Bxb3 27.
axb3 b5 28. Re1 Qc5 29. Qf3 Qd4 30. c3 Qf6 31. Qc6 Be7 32. Qxf6 Bxf6 33. Kc2
Kf8 34. b4 Rd6 35. f5 g5 36. Be4 Rb6 37. Rd1 Ke7 38. Rd5 h5 39. Rc5 Kd7 40.
Rd5+ Rd6 41. Rxd6+ Kxd6 42. Bb7 Bd8 43. Bxa6 Kc6 44. f6 Bxf6 45. Kd3 h4 46.
gxh4 gxh4 47. h3 Bg5 48. Bc8 Kb6 49. Bd7 Bc1 50. Kc2 Bg5 51. Be8 f5 52. Bd7 Bh6
53. Bxf5 Bg5 54. Be6 Bh6 55. Kd3 Bc1 56. Kc2 Bh6 57. Bf7 Bg5 58. Kd3 Bc1 59. b3
Bh6 60. c4 bxc4+ 61. bxc4 Bf8 62. c5+ Bxc5 63. bxc5+ Kxc5 64. Ke4 Kd6 65. Kf5
Ke7 66. Bd5 Kf8 67. Kf6 Ke8 68. Kg7 Ke7 69. Bf7 Kd6 70. Kf8 Kd7 71. Bc4 Kd8 72.
Be6 Kc7 73. Ke7 Kb8 74. Kd7 Kb7 75. Bd5+ Kb6 1/2-1/2

[Event "BL 8889 Delmenhorst-Bayern"]
[Site "?"]
[Date "1988.??.??"]
[Round "?.2"]
[White "Hausner, I."]
[Black "Ribli, Z."]
[Result "1/2-1/2"]
[WhiteElo "2435"]
[BlackElo "2630"]
[PlyCount "127"]
[EventDate "1988.??.??"]

1. d4 Nf6 2. c4 e6 3. g3 Bb4+ 4. Bd2 Be7 5. Bg2 d5 6. Nf3 O-O 7. O-O c6 8. Qc2
b6 9. Bf4 Bb7 10. Nbd2 Nh5 11. Be3 Nd7 12. Rad1 Qb8 13. Ng5 Ndf6 14. Ndf3 h6
15. Nh3 Bd6 16. Qc1 Re8 17. Nf4 Nxf4 18. Bxf4 Bxf4 19. gxf4 dxc4 20. Ne5 b5 21.
b3 cxb3 22. axb3 Qd6 23. Rd3 Rac8 24. Qa1 a6 25. Rc1 Nd5 26. e3 f6 27. Nf3 c5
28. Rdd1 Re7 29. dxc5 Rxc5 30. Rxc5 Qxc5 31. Rc1 Qb6 32. Nd4 Rc7 33. Rxc7 Nxc7
34. Bxb7 Qxb7 35. Qa3 e5 36. fxe5 fxe5 37. Nf5 Qf3 38. Qd6 Qxf5 39. Qxc7 Kh7
40. b4 Qb1+ 41. Kg2 Qxb4 42. Qxe5 Qg4+ 43. Kf1 b4 44. Ke1 b3 45. Kd2 Qc4 46.
Qc3 Qb5 47. Kc1 a5 48. Kb2 a4 49. Qd2 Qc4 50. f3 Kg6 51. Qg2+ Kf6 52. Qd2 Ke6
53. Qg2 g5 54. Qh3+ Ke7 55. Qxh6 Qe2+ 56. Ka3 Qxe3 57. Kxa4 b2 58. Qg7+ Ke6 59.
Qxb2 Qf4+ 60. Kb3 Qxf3+ 61. Qc3 g4 62. Kc2 Qe4+ 63. Kd1 Kf5 64. Qg3 1/2-1/2

[Event "BL 8889 Delmenhorst-Bayern"]
[Site "?"]
[Date "1988.??.??"]
[Round "?.3"]
[White "Kindermann, S."]
[Black "Hermann, Man"]
[Result "1/2-1/2"]
[WhiteElo "2525"]
[BlackElo "2365"]
[PlyCount "59"]
[EventDate "1988.??.??"]

1. e4 c6 2. d4 d5 3. exd5 cxd5 4. Bd3 Nc6 5. c3 Nf6 6. Bf4 g6 7. h3 Bg7 8. Nf3
O-O 9. O-O Bf5 10. Ne5 Nxe5 11. Bxe5 Bxd3 12. Qxd3 Nd7 13. Bxg7 Kxg7 14. Nd2 e6
15. a4 Rc8 16. Rfe1 Nb6 17. Qb5 Qc7 18. a5 Nc4 19. Nxc4 Qxc4 20. Qxc4 Rxc4 21.
Ra3 Rfc8 22. Rb3 R8c7 23. Ra1 Kf6 24. Kf1 R4c6 25. Ke2 h5 26. h4 Re7 27. Ra4
Kf5 28. Rab4 Rcc7 29. Kf3 f6 30. Rb5 1/2-1/2

[Event "BL 8889 Delmenhorst-Bayern"]
[Site "?"]
[Date "1988.??.??"]
[Round "?.4"]
[White "Wesseln, K."]
[Black "Hickl, J."]
[Result "0-1"]
[WhiteElo "2350"]
[BlackElo "2500"]
[PlyCount "52"]
[EventDate "1988.??.??"]

1. d4 d6 2. Nf3 Nf6 3. e3 c6 4. Be2 Nbd7 5. O-O e5 6. c4 Be7 7. Nc3 O-O 8. b4
Re8 9. a4 exd4 10. exd4 Nf8 11. Bf4 Bf5 12. d5 Ng6 13. Bg3 Ne4 14. Nxe4 Bxe4
15. dxc6 bxc6 16. Bd3 d5 17. c5 f5 18. h3 f4 19. Bh2 Kh8 20. Qc2 a5 21. Bxe4
dxe4 22. Rad1 Qc7 23. Qxe4 Bxc5 24. Qc4 Bxb4 25. Ng5 h6 26. Ne6 Qf7 0-1

[Event "BL 8889 Delmenhorst-Bayern"]
[Site "?"]
[Date "1988.??.??"]
[Round "?.5"]
[White "Bischoff, K."]
[Black "Schlemermeyer, W."]
[Result "1/2-1/2"]
[WhiteElo "2510"]
[BlackElo "2265"]
[PlyCount "48"]
[EventDate "1988.??.??"]

1. c4 g6 2. Nc3 Bg7 3. d4 d6 4. e4 Nf6 5. Bd3 O-O 6. Nge2 c5 7. d5 Na6 8. O-O
Nc7 9. f3 a6 10. a4 b6 11. Bg5 Rb8 12. Rb1 Bd7 13. b4 cxb4 14. Rxb4 Na8 15. Qd2
Qc7 16. Rfb1 Rfc8 17. Be3 Be8 18. Nd4 Rb7 19. Bf1 Nd7 20. Qa2 Nc5 21. Qa3 Rcb8
22. Bf2 Bd7 23. R4b2 Qc8 24. Rc2 Qe8 1/2-1/2

[Event "BL 8889 Delmenhorst-Bayern"]
[Site "?"]
[Date "1988.??.??"]
[Round "?.7"]
[White "Hecht, H."]
[Black "Meyer, H."]
[Result "1-0"]
[WhiteElo "2430"]
[BlackElo "2330"]
[PlyCount "41"]
[EventDate "1988.??.??"]

1. e4 e6 2. d4 d5 3. e5 c5 4. c3 Nc6 5. Nf3 Bd7 6. Be2 f6 7. O-O fxe5 8. dxe5
Qc7 9. c4 O-O-O 10. Bg5 Nge7 11. Nc3 Nxe5 12. cxd5 Be8 13. Re1 Nf7 14. Bh4 exd5
15. Rc1 Bc6 16. b4 cxb4 17. Nb5 Qb6 18. Nfd4 Rd7 19. Bg4 g5 20. Bxd7+ Kxd7 21.
Qg4+ 1-0

[Event "BL 8889 Delmenhorst-Bayern"]
[Site "?"]
[Date "1988.??.??"]
[Round "?.8"]
[White "Ditt, E."]
[Black "Stangl, M."]
[Result "1/2-1/2"]
[WhiteElo "2305"]
[BlackElo "2360"]
[PlyCount "121"]
[EventDate "1988.??.??"]

1. c4 g6 2. Nc3 Bg7 3. g3 c6 4. Bg2 Nf6 5. e4 d6 6. Nge2 a6 7. O-O e5 8. d4
Nbd7 9. b3 O-O 10. Ba3 exd4 11. Nxd4 Qa5 12. Bb2 Re8 13. Qc2 Qh5 14. Nde2 Ne5
15. f3 b5 16. Nf4 Qh6 17. cxb5 axb5 18. Nd1 Nfd7 19. Nf2 Bf6 20. Rfd1 Qg7 21.
N4d3 Bb7 22. f4 Nxd3 23. Bxf6 Nxf6 24. Qxd3 Red8 25. e5 Ne8 26. Qe3 dxe5 27.
Qb6 Rdb8 28. fxe5 Qxe5 29. Re1 Qf6 30. Ng4 Qg7 31. Ne5 Ra6 32. Qc5 Rc8 33. a4
bxa4 34. Rxa4 Qf8 35. Qxf8+ Kxf8 36. Nd7+ Kg7 37. Nc5 Rxa4 38. bxa4 Ba8 39. a5
Nd6 40. a6 Rb8 41. Rd1 Nb5 42. Rd7 Re8 43. Bf1 Kf6 44. Kf2 Re7 45. Rd8 Ra7 46.
Ke3 Ke7 47. Rd2 Nc3 48. Kd4 Nd5 49. Rb2 Kd6 50. Ne4+ Kc7 51. Kc5 h6 52. g4 f5
53. gxf5 gxf5 54. Nd6 Nf6 55. Nxf5 Ne4+ 56. Kb4 c5+ 57. Ka5 Bc6 58. Rg2 Ng5 59.
Rg4 Bd7 60. Rc4 Ne6 61. Rc3 1/2-1/2

[Event "BL 8889 München 36-Delmenhorst"]
[Site "?"]
[Date "1988.??.??"]
[Round "?.1"]
[White "Reeh, O."]
[Black "Smejkal, J."]
[Result "0-1"]
[WhiteElo "2460"]
[BlackElo "2515"]
[PlyCount "54"]
[EventDate "1988.??.??"]

1. e4 e5 2. Nf3 Nc6 3. Bb5 a6 4. Ba4 Nf6 5. O-O Be7 6. Re1 b5 7. Bb3 d6 8. a4
Bg4 9. c3 O-O 10. h3 Bxf3 11. Qxf3 Na5 12. Ba2 b4 13. cxb4 Nc6 14. Qc3 Qd7 15.
Bd5 Nxd5 16. exd5 Nd4 17. d3 f5 18. Be3 Nf3+ 19. gxf3 f4 20. Bxf4 Qxh3 21. Bg3
Rf6 22. Nd2 Rh6 23. Bh2 Rg6+ 24. Bg3 Rf8 25. Nf1 Rf5 26. Nh2 Rh5 27. Qd2 Qxh2+
0-1

[Event "BL 8889 München 36-Delmenhorst"]
[Site "?"]
[Date "1988.??.??"]
[Round "?.2"]
[White "Nikolac, J."]
[Black "Hausner, I."]
[Result "1/2-1/2"]
[WhiteElo "2495"]
[BlackElo "2435"]
[PlyCount "70"]
[EventDate "1988.??.??"]

1. c4 g6 2. Nc3 Bg7 3. d4 d6 4. e4 Nd7 5. Be2 e5 6. d5 a5 7. h4 h5 8. Nh3 Nc5
9. Bg5 f6 10. Be3 Bh6 11. Qd2 Bxe3 12. Qxe3 Nh6 13. O-O-O Qe7 14. g3 Bd7 15. f3
Nf7 16. Nf2 Qf8 17. Bf1 Qh6 18. Qxh6 Rxh6 19. b3 Ke7 20. Bh3 Bxh3 21. Rxh3 Rg8
22. Rdh1 f5 23. Kd2 Rh7 24. R3h2 Nh6 25. Nd3 Nxd3 26. Kxd3 Rf7 27. Rf1 Rgf8 28.
f4 Ng4 29. Re2 Kd7 30. Kd2 b6 31. Nb5 fxe4 32. Rxe4 Nh2 33. Rf2 Ng4 34. Rf1 Nh2
35. Rf2 Ng4 1/2-1/2

[Event "BL 8889 München 36-Delmenhorst"]
[Site "?"]
[Date "1988.??.??"]
[Round "?.3"]
[White "Hermann, Man"]
[Black "Bastian, H."]
[Result "1/2-1/2"]
[WhiteElo "2365"]
[BlackElo "2315"]
[PlyCount "162"]
[EventDate "1988.??.??"]

1. e4 e5 2. Nf3 Nc6 3. d4 exd4 4. Nxd4 Bc5 5. Nxc6 bxc6 6. Bc4 Qe7 7. O-O Bb7
8. Nd2 O-O-O 9. Qe2 Nf6 10. Ba6 Rhe8 11. Re1 h5 12. h3 g5 13. Nb3 g4 14. Na5
Nxe4 15. Bxb7+ Kb8 16. Be3 g3 17. f3 Nf6 18. Qa6 Bxe3+ 19. Kf1 Qb4 20. Bxc6 Qb6
21. Bb5 Bf2 22. Rxe8 Rxe8 23. Rd1 Qxa6 24. Bxa6 c6 25. Bc4 Re7 26. Nb3 d5 27.
Be2 Kc7 28. Nd4 Re8 29. c3 Rb8 30. b3 Re8 31. c4 Kb6 32. Nf5 Kc5 33. Bd3 a5 34.
Rc1 d4 35. Rd1 Re5 36. f4 Re8 37. Nh4 Re3 38. Nf3 Re8 39. Bf5 Be3 40. Bd3 Bxf4
41. Re1 Be3 42. a3 Kd6 43. Nh4 Ke5 44. Nf5 Kf4 45. Nd6 Re7 46. Nf5 Re6 47. b4
axb4 48. axb4 Nd7 49. Rd1 Bf2 50. Bc2 Rf6 51. Ng7 Kg5 52. Ke2 Ne5 53. c5 Be3
54. Rf1 Rxf1 55. Kxf1 Bd2 56. b5 cxb5 57. Be4 Nc4 58. Ke2 Ba5 59. Nf5 Kf4 60.
Bd3 Ke5 61. Nxg3 h4 62. Nf5 Kd5 63. Nxh4 Kxc5 64. Nf3 Bd8 65. h4 Bf6 66. h5 Bh8
67. h6 b4 68. g4 b3 69. Nd2 Nxd2 70. Kxd2 Kb4 71. g5 Be5 72. h7 Bg7 73. g6 fxg6
74. Bxg6 Ka3 75. Bf7 b2 76. Kc2 d3+ 77. Kb1 Kb4 78. Be6 Kc3 79. Bf7 Kd2 80. Bh5
Ke3 81. Bg4 Kf4 1/2-1/2

[Event "BL 8889 München 36-Delmenhorst"]
[Site "?"]
[Date "1988.??.??"]
[Round "?.4"]
[White "Eppinger, G."]
[Black "Wesseln, K."]
[Result "0-1"]
[WhiteElo "2300"]
[BlackElo "2350"]
[PlyCount "80"]
[EventDate "1988.??.??"]

1. e4 c5 2. c3 d5 3. exd5 Qxd5 4. d4 cxd4 5. cxd4 Nc6 6. Nf3 e5 7. Nc3 Bb4 8.
Bd2 Bxc3 9. Bxc3 e4 10. Ne5 Nxe5 11. dxe5 Ne7 12. Qa4+ Bd7 13. Qa3 Qe6 14. Rd1
O-O 15. Rd6 Qf5 16. Bc4 Ng6 17. O-O Be6 18. Bxe6 fxe6 19. Qb3 Rae8 20. Bd4 Nf4
21. Kh1 Rf7 22. Qe3 Nd5 23. Qg3 Rc8 24. Bxa7 h6 25. h3 Rc2 26. Bd4 Rd2 27. Bc3
Rd3 28. Qg4 Qxg4 29. hxg4 e3 30. f3 e2 31. Re1 Rd1 32. Ba5 Rc7 33. Kg1 b6 34.
Kf2 bxa5 35. Rxe2 Rcc1 36. Ra6 g5 37. Kg3 Nf4 38. Rf2 Re1 39. Rxa5 Ne2+ 40.
Rxe2 Rxe2 0-1

[Event "BL 8889 München 36-Delmenhorst"]
[Site "?"]
[Date "1988.??.??"]
[Round "?.5"]
[White "Schlemermeyer, W."]
[Black "Kaiser, W."]
[Result "1/2-1/2"]
[WhiteElo "2265"]
[BlackElo "2360"]
[PlyCount "23"]
[EventDate "1988.??.??"]

1. Nf3 Nf6 2. c4 c5 3. g3 b6 4. Bg2 Bb7 5. b3 g6 6. Bb2 Bg7 7. O-O O-O 8. Nc3
d6 9. e3 Nbd7 10. Rc1 a6 11. d3 Ra7 12. Qe2 1/2-1/2

[Event "BL 8889 München 36-Delmenhorst"]
[Site "?"]
[Date "1988.??.??"]
[Round "?.7"]
[White "Juhnke, K."]
[Black "Koepf, U."]
[Result "0-1"]
[WhiteElo "2320"]
[BlackElo "2245"]
[PlyCount "156"]
[EventDate "1988.??.??"]

1. d4 Nf6 2. c4 e6 3. Nc3 Bb4 4. Bg5 h6 5. Bh4 c5 6. d5 g5 7. Bg3 Ne4 8. Qc2
Qf6 9. Rc1 Bxc3+ 10. bxc3 Nxg3 11. hxg3 e5 12. Nf3 d6 13. e3 Bg4 14. Nd2 h5 15.
Bd3 Na6 16. f3 Bd7 17. Ne4 Qe7 18. g4 O-O-O 19. gxh5 g4 20. Ng3 Rdg8 21. Kf2
gxf3 22. gxf3 Rxg3 23. Kxg3 Qg5+ 24. Kf2 Rxh5 25. Rcg1 Qh6 26. Rxh5 Qxh5 27.
Bf1 Kc7 28. Bg2 Qh4+ 29. Ke2 Qxc4+ 30. Kd2 Ba4 31. Qb2 Qxd5+ 32. Kc1 Nb8 33. f4
e4 34. Qd2 Qe6 35. Bf1 Nd7 36. Kb2 Nb6 37. Be2 Bc6 38. Rd1 Bd5 39. Ka1 Bc4 40.
Bxc4 Nxc4 41. Qe2 Nb6 42. Qd2 Nc8 43. Qe2 Nb6 44. Qd2 Nc4 45. Qe2 b5 46. Kb1
Qh3 47. Re1 Qg3 48. Kc2 Kb6 49. a4 a6 50. axb5 axb5 51. Kb3 f6 52. Kc2 Kc6 53.
Kb1 Nb6 54. Rd1 Qg8 55. Qc2 Qc4 56. Kc1 Nd5 57. Kd2 b4 58. Qa4+ Kb6 59. cxb4
Qc3+ 60. Ke2 Qxe3+ 61. Kf1 Qf3+ 62. Kg1 Qg4+ 63. Kh1 Nxb4 64. Rxd6+ Kc7 65. Rd1
Qh3+ 66. Kg1 Qg3+ 67. Kh1 Nd3 68. Qa7+ Kd6 69. Qb8+ Kd5 70. Qb3+ Kd4 71. f5
Qh3+ 72. Kg1 Qg4+ 73. Kh1 Qe2 74. Qa4+ Ke3 75. Kg1 Qg4+ 76. Kh2 Qh4+ 77. Kg2
Nf4+ 78. Kg1 Qg3+ 0-1

[Event "BL 8889 Bayern-HSK"]
[Site "?"]
[Date "1988.??.??"]
[Round "?.3"]
[White "Stein, B."]
[Black "Kindermann, S."]
[Result "1/2-1/2"]
[WhiteElo "2380"]
[BlackElo "2525"]
[PlyCount "33"]
[EventDate "1988.??.??"]

1. b3 e5 2. Bb2 d6 3. c4 f5 4. d4 e4 5. e3 Nf6 6. Ne2 d5 7. Nbc3 c6 8. Nf4 Bd6
9. Be2 O-O 10. h4 Bxf4 11. exf4 Be6 12. Qd2 Nbd7 13. Nd1 Ng4 14. Ne3 Ndf6 15.
Bxg4 Nxg4 16. Rc1 Nxe3 17. fxe3 1/2-1/2

[Event "BL 8889 Bayern-HSK"]
[Site "?"]
[Date "1988.??.??"]
[Round "?.4"]
[White "Hickl, J."]
[Black "Maus, So"]
[Result "1/2-1/2"]
[WhiteElo "2500"]
[BlackElo "2400"]
[PlyCount "57"]
[EventDate "1988.??.??"]

1. e4 c5 2. c3 Nf6 3. d3 d5 4. Nd2 Nc6 5. Ngf3 e5 6. a3 Be7 7. b4 a6 8. Be2 O-O
9. O-O Bg4 10. Bb2 Qc7 11. Re1 dxe4 12. dxe4 Rad8 13. Qc2 Nh5 14. Nc4 Nf4 15.
Ne3 Be6 16. Bf1 Qc8 17. Rad1 Bf6 18. Rxd8 Rxd8 19. Rd1 cxb4 20. axb4 b5 21.
Rxd8+ Qxd8 22. Bc1 Qd6 23. h4 h5 24. g3 Ng6 25. Nd2 Nf8 26. Bg2 Bd8 27. Ndf1
Nd7 28. Nd5 Bxd5 29. exd5 1/2-1/2

[Event "BL 8889 Bayern-HSK"]
[Site "?"]
[Date "1988.??.??"]
[Round "?.6"]
[White "Hertneck, G."]
[Black "Wegner, H."]
[Result "1-0"]
[WhiteElo "2435"]
[BlackElo "2290"]
[PlyCount "73"]
[EventDate "1988.??.??"]

1. d4 Nf6 2. c4 g6 3. Nc3 d5 4. Nf3 Bg7 5. cxd5 Nxd5 6. e4 Nxc3 7. bxc3 c5 8.
Rb1 O-O 9. Be2 b6 10. O-O Bb7 11. Qd3 Ba6 12. Qe3 cxd4 13. cxd4 Bxe2 14. Qxe2
e6 15. Ba3 Re8 16. Rfc1 Nd7 17. Rc4 a6 18. Bb4 Qb8 19. Rbc1 b5 20. Rc6 Bf8 21.
Ba5 Qf4 22. Bd2 Qb8 23. g3 e5 24. Be3 exd4 25. Bxd4 Bg7 26. Rc7 Bxd4 27. Rxd7
Bb6 28. Rc6 Rd8 29. Qd2 Ra7 30. Rxd8+ Qxd8 31. Rd6 Qc7 32. Ne5 Bc5 33. Rd8+ Bf8
34. Qd5 Qc1+ 35. Kg2 Kg7 36. Nd7 Be7 37. Qe5+ 1-0

[Event "BL 8889 Bayern-HSK"]
[Site "?"]
[Date "1988.??.??"]
[Round "?.7"]
[White "Michaelsen, N."]
[Black "Hecht, H."]
[Result "1/2-1/2"]
[WhiteElo "2380"]
[BlackElo "2430"]
[PlyCount "29"]
[EventDate "1988.??.??"]

1. d4 Nf6 2. c4 e6 3. Nf3 Bb4+ 4. Nbd2 c5 5. a3 Bxd2+ 6. Bxd2 cxd4 7. Nxd4 d5
8. cxd5 Qxd5 9. e3 Bd7 10. Be2 e5 11. Bf3 Ne4 12. Qb3 Qxb3 13. Nxb3 Nxd2 14.
Kxd2 Bc6 15. Rac1 1/2-1/2

[Event "BL 8889 Bamberg-Koblenz"]
[Site "?"]
[Date "1988.??.??"]
[Round "?.1"]
[White "Garcia Palermo, C."]
[Black "Goehring, K."]
[Result "1-0"]
[WhiteElo "2455"]
[BlackElo "2335"]
[PlyCount "61"]
[EventDate "1988.??.??"]

1. d4 d5 2. c4 e6 3. Nc3 Nf6 4. Bg5 Be7 5. e3 h6 6. Bh4 O-O 7. Nf3 b6 8. Qb3
Bb7 9. Bxf6 Bxf6 10. cxd5 exd5 11. Rd1 Qd6 12. Be2 a6 13. O-O Nd7 14. Ne1 Rfd8
15. Bf3 Nf8 16. Nd3 Ne6 17. Nb4 c6 18. Nd3 a5 19. Rd2 Ba6 20. Rc1 Rab8 21. g3
g6 22. Bg2 h5 23. Qd1 Bg7 24. Ne1 Bb7 25. f4 Qe7 26. Nf3 c5 27. Ne5 Qe8 28. Qa4
Qxa4 29. Nxa4 Bxe5 30. fxe5 c4 31. Nxb6 1-0

[Event "BL 8889 Bamberg-Koblenz"]
[Site "?"]
[Date "1988.??.??"]
[Round "?.3"]
[White "Bayer, E."]
[Black "Meister, P."]
[Result "0-1"]
[WhiteElo "2370"]
[BlackElo "2325"]
[PlyCount "64"]
[EventDate "1988.??.??"]

1. d4 e6 2. Nf3 f5 3. g3 Nf6 4. Bg2 d5 5. O-O Bd6 6. b3 Qe7 7. a4 a5 8. Ba3
Bxa3 9. Nxa3 O-O 10. c4 Na6 11. Nc2 Rd8 12. Qe1 dxc4 13. bxc4 Nb4 14. Nxb4 axb4
15. Qb1 c5 16. e3 Ne4 17. Qb3 Nc3 18. Rfe1 Bd7 19. a5 Bc6 20. dxc5 Qxc5 21. Nd4
Bxg2 22. Kxg2 Rdc8 23. Kg1 Qxc4 24. Qb2 Rc5 25. Nb3 Rd5 26. Rac1 Rad8 27. h4 h6
28. Kg2 e5 29. Qc2 Rd3 30. Na1 Kh8 31. Kg1 Rd2 32. Qxf5 Ne2+ 0-1

[Event "BL 8889 Bamberg-Koblenz"]
[Site "?"]
[Date "1988.??.??"]
[Round "?.4"]
[White "Ruehrig, V."]
[Black "Seul, G."]
[Result "1/2-1/2"]
[WhiteElo "2330"]
[BlackElo "2315"]
[PlyCount "36"]
[EventDate "1988.??.??"]

1. e4 c5 2. d3 Nc6 3. g3 d5 4. Nc3 dxe4 5. Nxe4 Bf5 6. Be3 e6 7. Bg2 Nf6 8. Ne2
Nd5 9. Bd2 Be7 10. O-O O-O 11. a3 Rc8 12. c4 Nf6 13. Bc3 Bg4 14. h3 Nxe4 15.
hxg4 Nxc3 16. bxc3 Bf6 17. Ra2 Rc7 18. Rd2 h6 1/2-1/2

[Event "BL 8889 Bamberg-Koblenz"]
[Site "?"]
[Date "1988.??.??"]
[Round "?.5"]
[White "Hess, R."]
[Black "Hartmann, G."]
[Result "1-0"]
[WhiteElo "2330"]
[BlackElo "2275"]
[PlyCount "76"]
[EventDate "1988.??.??"]

1. d4 Nf6 2. c4 c5 3. d5 g6 4. Nc3 Bg7 5. e4 O-O 6. Bd3 e6 7. Nge2 exd5 8. cxd5
Re8 9. O-O c4 10. Bxc4 Nxe4 11. d6 Qh4 12. Nxe4 Qxe4 13. Qb3 Kh8 14. Nc3 Qe5
15. Bd2 Qxd6 16. Rfe1 Re6 17. Nb5 Qxd2 18. Bxe6 fxe6 19. Nc7 Nc6 20. Nxa8 Qd6
21. Qg3 e5 22. b4 b5 23. a4 Bb7 24. axb5 Nd4 25. Rac1 Nxb5 26. Qh4 h5 27. Nc7
Nd4 28. Qg5 Kh7 29. f4 exf4 30. Re7 Nf3+ 31. gxf3 Qd4+ 32. Kf1 Bxf3 33. Qc5 Qd2
34. Rxg7+ Kh6 35. Re7 Qg2+ 36. Ke1 Qh1+ 37. Kd2 Qxh2+ 38. Kc3 Bg4 1-0

[Event "BL 8889 Bamberg-Koblenz"]
[Site "?"]
[Date "1988.??.??"]
[Round "?.6"]
[White "Kestler, H."]
[Black "Schlick, V."]
[Result "1/2-1/2"]
[WhiteElo "2370"]
[BlackElo "2290"]
[PlyCount "35"]
[EventDate "1988.??.??"]

1. e4 c5 2. Ne2 d6 3. c4 Nc6 4. d4 cxd4 5. Nxd4 Nf6 6. Nc3 Nxd4 7. Qxd4 g6 8.
Be2 Bg7 9. O-O O-O 10. Bd2 Be6 11. Qd3 a6 12. b3 Bd7 13. Rac1 b5 14. Qe3 e6 15.
b4 bxc4 16. Bxc4 Bb5 17. Nxb5 axb5 18. Bb3 1/2-1/2

[Event "BL 8889 Nürnberg-Heidelberg"]
[Site "?"]
[Date "1988.??.??"]
[Round "?.1"]
[White "Steinbacher, M."]
[Black "Jansa, V."]
[Result "0-1"]
[WhiteElo "2340"]
[BlackElo "2470"]
[PlyCount "82"]
[EventDate "1988.??.??"]

1. Nf3 g6 2. d4 Bg7 3. c3 d6 4. Bg5 h6 5. Bh4 f5 6. e3 Nf6 7. Qb3 c6 8. Bxf6
Bxf6 9. Bc4 Qb6 10. Bf7+ Kf8 11. Bxg6 Qxb3 12. axb3 h5 13. e4 e6 14. Nbd2 d5
15. e5 Be7 16. Nf1 Kg7 17. Bxh5 Rxh5 18. Ng3 Rh8 19. Ne2 Nd7 20. b4 Nf8 21. Kd2
Bd7 22. h4 Be8 23. Nf4 Bh5 24. Ng5 Bf7 25. Ke3 Bxg5 26. hxg5 Rxh1 27. Rxh1 a5
28. Ra1 a4 29. Nd3 Nd7 30. Nc5 Nb6 31. Kf4 Nc4 32. Nxb7 Nxb2 33. Na5 Be8 34.
Ke3 Nc4+ 35. Kd3 f4 36. Ke2 a3 37. Kf3 Bh5+ 38. g4 Bg6 39. Nxc6 a2 40. Kxf4 Bb1
41. b5 Na5 0-1